000 00427nam a2200181Ia 4500
001 1716
005 20260306143748.0
008 260306t2016||||xx |||||||||||||| ||spa||
041 _aESP
082 _a155.2
_bO74
100 _aOrtiz Cabanillas, Pedro
_eAUT
245 0 _aEl sistema de la personalidad
260 _c2016
300 _a398 páginas :
_c24 cm.
650 _aGEN
654 _aCPS
942 _cLIB
_dJUS
_fJUS
_2ddc
_n
999 _c1716
_d1716